| 000 | 00973nam a2200277 a 4500 | ||
|---|---|---|---|
| 001 | 000004200 | ||
| 005 | 20260120073949.0 | ||
| 008 | 090720t2002 dr 000 0 spa d | ||
| 040 |
_aDO-SdBNP _bspa _cBNPHU |
||
| 082 |
_a269 _bJ91v |
||
| 100 | 1 |
_aJuanes, Benigno _d1916-2009 _9442 |
|
| 245 | 1 | 3 |
_aLa vida en el espíritu : _b(el seminario de vida nueva en el espíritu) / _cBenigno Juanes, S.J.; prólogo Monseñor Sam G. Jacob. |
| 260 |
_aSanto Domingo : _bAmigo del Hogar, _c2002. |
||
| 300 |
_a235 p. ; _c21 cm. |
||
| 490 | 1 |
_aGuiones para una vida en Cristo _v11 |
|
| 490 | 1 | _aSenda | |
| 590 | _aInventariado, 2018/ YL | ||
| 650 | 0 |
_aVida espiritual _9268 |
|
| 650 | 4 |
_aBautismo en el espiritu santo _912401 |
|
| 650 | 4 |
_aPentecostalismo _97136 |
|
| 650 | 4 |
_aEducación católica _912402 |
|
| 700 | 1 |
_aJacob, Sam G., _epról. _912403 |
|
| 830 | 0 |
_aGuiones para una vida en Cristo _n11 _912404 |
|
| 830 | 0 |
_aSenda _912405 |
|
| 910 | _aValidado. Control de calidad EMS. | ||
| 999 |
_c4014 _d4014 |
||